| 000 | 00614nam a22002291c 4500 | ||
|---|---|---|---|
| 001 | 310852161 | ||
| 008 | 170504s1999 gw a||| 000u ger d | ||
| 020 |
_a5890480669 _95-89048-066-9 |
||
| 041 | _ager | ||
| 100 | 1 | _aPrimakov, Evgenij Maksimovič | |
| 245 | 0 | 0 |
_aGody v bol'šoj politike / _cEvgenij Primakov |
| 264 |
_aMoskva : _bSoveršenno Sekretno, _c1999 |
||
| 300 | _a445 S : Ill | ||
| 600 | 0 | _aPrimakov, Evgenij M. | |
| 650 | 0 | _aPolitik | |
| 651 | 0 | _aSowjetunion | |
| 651 | 0 | _aRussland | |
| 942 | _cMG | ||
| 040 | _cRU-10907106 | ||
| 003 | RU-10907106 | ||
| 999 |
_c40296 _d40296 |
||
| 490 | 0 | _aKollekcija Soveršenno Sekretno | |